Discrete mathematics (Record no. 7462)

000 -LEADER
fixed length control field 00451 a2200169 4500
020 ## - INTERNATIONAL STANDARD BOOK NUMBER
International Standard Book Number 0030032784
040 ## - CATALOGING SOURCE
Original cataloging agency DLC
Language of cataloging DLC
082 00 - DEWEY DECIMAL CLASSIFICATION NUMBER
Classification number 510
100 1# - MAIN ENTRY--PERSONAL NAME
Personal name Hausner, Melvin,
245 10 - TITLE STATEMENT
Title Discrete mathematics
Statement of responsibility, etc. Melvin Hausner.
260 ## - PUBLICATION, DISTRIBUTION, ETC.
Place of publication, distribution, etc. Fort Worth :
Name of publisher, distributor, etc. Saunders College Pub.,
Date of publication, distribution, etc. c1992.
300 ## - PHYSICAL DESCRIPTION
Extent xv, 720 p. :
Other physical details col. ill. ;
Dimensions 25 cm.
500 ## - GENERAL NOTE
General note Includes index.
650 #0 - SUBJECT ADDED ENTRY--TOPICAL TERM
Topical term or geographic name entry element Mathematics.
650 #0 - SUBJECT ADDED ENTRY--TOPICAL TERM
Topical term or geographic name entry element Computer science
942 ## - ADDED ENTRY ELEMENTS (KOHA)
Koha item type Book
Call number prefix 511 HAU
Source of classification or shelving scheme
Holdings
Withdrawn status Lost status Damaged status Not for loan Collection code Permanent Location Current Location Shelving location Date acquired Source of acquisition Cost, normal purchase price Total Checkouts Full call number Barcode Date last seen Price effective from Koha item type Date last checked out Total Renewals
          Central Library (CL) Central Library (CL) General Stacks 05/11/2001 Link, Rawalpindi 2449.00   511 HAU SEECS000823 11/14/2012 01/05/2017 Book    
          Central Library (CL) Central Library (CL) General Stacks 05/11/2001 Link, Rawalpindi 2449.00 2 511 HAU SEECS000820 02/22/2025 01/05/2017 Book 02/10/2025  
          Central Library (CL) Central Library (CL) General Stacks 05/11/2001 Link, Rawalpindi 2449.00 1 511 HAU SEECS000819 06/12/2021 01/05/2017 Book 11/10/2020 3
          Central Library (CL) Central Library (CL) General Stacks 05/11/2001 Link, Rawalpindi 2449.00   511 HAU SEECS000821 11/14/2012 01/05/2017 Book    
          Central Library (CL) Central Library (CL) General Stacks 05/11/2001 Link, Rawalpindi 2449.00   511 HAU SEECS000822 11/14/2012 01/05/2017 Book    
© 2023 Central Library, National University of Sciences and Technology. All Rights Reserved.